<?xml version="1.0" encoding="UTF-8"?>
<record
    xmlns:xsi="http://www.w3.org/2001/XMLSchema-instance"
    xsi:schemaLocation="http://www.loc.gov/MARC21/slim http://www.loc.gov/standards/marcxml/schema/MARC21slim.xsd"
    xmlns="http://www.loc.gov/MARC21/slim">

  <leader>03518nam a2200565Ia 4500</leader>
  <controlfield tag="001">7892</controlfield>
  <controlfield tag="008">241029s9999    xx            000 0 und d</controlfield>
  <datafield tag="010" ind1=" " ind2=" ">
    <subfield code="a">7423</subfield>
  </datafield>
  <datafield tag="041" ind1=" " ind2=" ">
    <subfield code="a">Espa&#xF1;ol</subfield>
  </datafield>
  <datafield tag="082" ind1=" " ind2=" ">
    <subfield code="a">NO APLICA</subfield>
  </datafield>
  <datafield tag="245" ind1=" " ind2="0">
    <subfield code="a">Gesti&#xF3;n administrativa y satisfacci&#xF3;n del personal docente de la Escuela B&#xE1;sica La Gina, a&#xF1;o escolar 2018-2019, Distrito Educativo 10-01, Santo Domingo Norte</subfield>
  </datafield>
  <datafield tag="260" ind1=" " ind2=" ">
    <subfield code="a">Distrito Nacional</subfield>
  </datafield>
  <datafield tag="300" ind1=" " ind2=" ">
    <subfield code="a">85</subfield>
  </datafield>
  <datafield tag="520" ind1=" " ind2=" ">
    <subfield code="a">64</subfield>
  </datafield>
  <datafield tag="630" ind1=" " ind2=" ">
    <subfield code="a">Actores Educativos</subfield>
  </datafield>
  <datafield tag="630" ind1=" " ind2=" ">
    <subfield code="a">Calidad Educativa</subfield>
  </datafield>
  <datafield tag="630" ind1=" " ind2=" ">
    <subfield code="a">Capital Humano</subfield>
  </datafield>
  <datafield tag="630" ind1=" " ind2=" ">
    <subfield code="a">G&#xE9;nero</subfield>
  </datafield>
  <datafield tag="630" ind1=" " ind2=" ">
    <subfield code="a">Motivaci&#xF3;n</subfield>
  </datafield>
  <datafield tag="650" ind1=" " ind2=" ">
    <subfield code="a">Gesti&#xF3;n Educativa</subfield>
  </datafield>
  <datafield tag="690" ind1=" " ind2=" ">
    <subfield code="a">Sintetizado</subfield>
  </datafield>
  <datafield tag="700" ind1=" " ind2=" ">
    <subfield code="e">asesor</subfield>
    <subfield code="a">Castro Ara&#xFA;jo, Lucia</subfield>
  </datafield>
  <datafield tag="700" ind1=" " ind2=" ">
    <subfield code="e">autor</subfield>
    <subfield code="a">Reinoso, Raisa</subfield>
  </datafield>
  <datafield tag="901" ind1=" " ind2=" ">
    <subfield code="a">{"1":"Reinoso"}</subfield>
    <subfield code="b">{"1":"Raisa"}</subfield>
  </datafield>
  <datafield tag="902" ind1=" " ind2=" ">
    <subfield code="a">1</subfield>
  </datafield>
  <datafield tag="903" ind1=" " ind2=" ">
    <subfield code="a">{"1":"Castro Ara&#xFA;jo"}</subfield>
    <subfield code="b">{"1":"Lucia"}</subfield>
  </datafield>
  <datafield tag="904" ind1=" " ind2=" ">
    <subfield code="a">Maestr&#xED;a en</subfield>
  </datafield>
  <datafield tag="905" ind1=" " ind2=" ">
    <subfield code="a">Gesti&#xF3;n de Centros Educativos</subfield>
  </datafield>
  <datafield tag="906" ind1=" " ind2=" ">
    <subfield code="a">2</subfield>
  </datafield>
  <datafield tag="907" ind1=" " ind2=" ">
    <subfield code="a">NO APLICA</subfield>
  </datafield>
  <datafield tag="908" ind1=" " ind2=" ">
    <subfield code="a">NO APLICA</subfield>
  </datafield>
  <datafield tag="909" ind1=" " ind2=" ">
    <subfield code="a">Universidad Aut&#xF3;noma de Santo Domingo (UASD)</subfield>
  </datafield>
  <datafield tag="910" ind1=" " ind2=" ">
    <subfield code="a">NULL</subfield>
    <subfield code="b">NULL</subfield>
  </datafield>
  <datafield tag="911" ind1=" " ind2=" ">
    <subfield code="a">["1"]</subfield>
  </datafield>
  <datafield tag="912" ind1=" " ind2=" ">
    <subfield code="a">NO APLICA</subfield>
  </datafield>
  <datafield tag="913" ind1=" " ind2=" ">
    <subfield code="a">NULL</subfield>
  </datafield>
  <datafield tag="914" ind1=" " ind2=" ">
    <subfield code="a">01 de Agosto de 2019</subfield>
  </datafield>
  <datafield tag="915" ind1=" " ind2=" ">
    <subfield code="a">03/02/20 02:02</subfield>
  </datafield>
  <datafield tag="916" ind1=" " ind2=" ">
    <subfield code="a">NULL</subfield>
  </datafield>
  <datafield tag="917" ind1=" " ind2=" ">
    <subfield code="a">NULL</subfield>
  </datafield>
  <datafield tag="918" ind1=" " ind2=" ">
    <subfield code="a">NO APLICA</subfield>
  </datafield>
  <datafield tag="919" ind1=" " ind2=" ">
    <subfield code="a">["7","29","31","308","143"]</subfield>
  </datafield>
  <datafield tag="520" ind1=" " ind2=" ">
    <subfield code="a">El principal objetivo de esta investigaci&#xF3;n consisti&#xF3; en analizar la relaci&#xF3;n entre gesti&#xF3;n administrativa y la&#xA0; satisfacci&#xF3;n laboral del personal docente de la Escuela B&#xE1;sica La Gina, a&#xF1;o escolar 2018-2019, Distrito Educativo 10-01 Santo Domingo Norte.&#xA0; La metodolog&#xED;a del estudio se enfoc&#xF3; en un alcance cuantitativo, descriptivo y de car&#xE1;cter relacional; Se aplic&#xF3; el instrumento del cuestionario a una poblaci&#xF3;n de 30 docentes del primer y segundo periodo de la Escuela&#xA0; La Gina.Entre los principales resultados del estudio qued&#xF3; evidenciado que el sexo que predomina es el femenino, adem&#xE1;s, la gran mayor&#xED;a de los docentes corresponden a los niveles inicial y primario. A su vez, se verific&#xF3; que los salarios oscilan entre 30 y 40 mil pesos; lo que reflej&#xF3; que a lo mejor no han recibido la evaluaci&#xF3;n de desempe&#xF1;o docente. Asimismo se pudo observar, que la mayor&#xED;a de los docentes no tienen estudios de especialidad en su &#xE1;rea, factor que podr&#xED;a influir en sus ingresos.Por otro lado, el&#xA0; 56,7% de los maestros que est&#xE1;n en edades de 20 a 39 a&#xF1;os, tienen una valoraci&#xF3;n media de la satisfacci&#xF3;n, mientras que una minor&#xED;a el (33,3%) de los que est&#xE1;n en edades de 40 a m&#xE1;s de 49, tambi&#xE9;n tiene una valoraci&#xF3;n media. En este mismo orden se demostr&#xF3;, que la percepci&#xF3;n que tiene el personal docente sobre el nivel de organizaci&#xF3;n de la instituci&#xF3;n hacia la consecuci&#xF3;n de los objetivos del centro educativo es semejante.Entre las principales recomendaciones del estudio se sugiri&#xF3; a la gesti&#xF3;n directiva, seguir trabajando el clima organizacional, la buena pr&#xE1;ctica y el compromiso a seguir desarrollando un liderazgo efectivo como el que se ha observado en los resultados evidenciados en las encuestas realizadas a los docentes, en aras de alcanzar los objetivos establecidos.&#xA0; De igual manera se recomend&#xF3; a la gesti&#xF3;n administrativa, seguir enfocada en la formaci&#xF3;n continua del cuerpo docente; ya que es un factor muy importante que permitir&#xE1;&#xA0; elevar el nivel de satisfacci&#xF3;n.</subfield>
  </datafield>
  <datafield tag="921" ind1=" " ind2=" ">
    <subfield code="a">63</subfield>
  </datafield>
  <datafield tag="922" ind1=" " ind2=" ">
    <subfield code="a">63</subfield>
  </datafield>
  <datafield tag="923" ind1=" " ind2=" ">
    <subfield code="a">1</subfield>
  </datafield>
  <datafield tag="924" ind1=" " ind2=" ">
    <subfield code="a">NO APLICA</subfield>
  </datafield>
  <datafield tag="942" ind1=" " ind2=" ">
    <subfield code="c">Tesis</subfield>
  </datafield>
  <datafield tag="999" ind1=" " ind2=" ">
    <subfield code="c">7423</subfield>
    <subfield code="d">7423</subfield>
  </datafield>
</record>
